• Musso Adelmo

di Personal Name

Records bibliografici associati: 1

001 - CONTROL NUMBER

  • control field: 22503

003 - CONTROL NUMBER IDENTIFIER

  • control field: IT-RoPau

005 - DATE AND TIME OF LATEST TRANSACTION

  • control field: 20140428094044.0

008 - FIXED-LENGTH DATA ELEMENTS

  • fixed length control field: 140428|| aca||aabn | a|a d

040 ## - CATALOGING SOURCE

  • Original cataloging agency: IT-RoPau
  • Transcribing agency: IT-RoPau

100 ## - HEADING--PERSONAL NAME

  • Personal name: Musso Adelmo
  • Miscellaneous information: Codice autore musica SPICS: 20012
  • Relator term: Autore musica
  • Name of part/section of a work: Il mare di notte - Dimmi cos'è - Camminando - Cerca con me - Dolce mamma - Canzone va - Guarda intorno a te - Non partire

670 ## - SOURCE DATA FOUND

  • Source citation: Work cat.: (IT-RoPau)102714: AA.VV. 794, Insieme amici
CREDITS: SOCIETA' SAN PAOLO Via A.Severo, 58 - ROMA (RM) & PERIODICI SAN PAOLO SRL Via Giotto, 36 MILANO & CISF Via Giotto, 36 MILANO & EDIZIONI SAN PAOLO SRL,  Piazza Soncino, 5 CINISELLO BALSAMO (MI) -- ITALY